000 00455nam a2200181Ia 4500
001 1627
005 20260306143742.0
008 260306t2014||||xx |||||||||||||| ||spa||
041 _aESP
082 _a153.6
_bS29
100 _aSchein, Edgar H.
_eAUT
245 0 _aPreguntar con humildad:
_bel sutil arte de pedir en vez de exigir
260 _c2014
300 _a157 páginas :
_c21 cm.
650 _aGEN
654 _aCPS
942 _cLIB
_dJUS
_fJUS
_2ddc
_n
999 _c1627
_d1627